00689cam a2200145K 4500082002800000100001600028245027600044250001400320260004400334300004000378526003700418650001700455650000800472856006300480 a629.203bDYKcL-17, P-91 aDyke, A. L.10aDyke's automobile and gasoline engine encyclopediabthe elementary principles, construction, operation and repair of automobiles, gasoline engines and automobile electric systems; including trucks, tractors, and motorcycles, simple, thorough and practical,cby A.L. Dyke. a13th ed., aChicago,bGoodheart-Willcox Co.,c1924. a1 online resource (1226 p.)billus. a0b0c0d629_203000000000000_DYK 0aAutomobiles. 0aMCE40uhttp://catalog.hathitrust.org/api/volumes/oclc/414290.html